000 00591nam a2200193Ia 4500
008 160114s9999 xx 000 0 und d
020 _a0-152056882
050 _a745.6
050 _b.E33e 1980
100 _aEhlert, Lois
245 _aEating the Alphabet :
_bfruits and vegetables from A to Z /
_cLois Ehlert.
260 _aMalaysia :
_bRed Wagon Books Harcourt, Inc.
_c1980
650 _aEnglish language -- Alphabet --
650 _aFruit --
650 _aMoncure, Jane Belk. --
650 _xAlphabet books.
650 _xJuvenile literature.
650 _xJuvenile literature.
999 _c290316
_d290316